Memoria sobre el camino de fierro del Norte de España y el proyectado por los Alduides. (Record no. 159357)

MARC details
000 -LEADER
campo de control de longitud fija 00734nam a2200169 i 4500
001 - NÚMERO DE CONTROL
campo de control 159357
003 - IDENTIFICADOR DE NÚMERO DE CONTROL
campo de control ES-MaACL
005 - FECHA Y HORA DE LA ÚLTIMA TRANSACCIÓN
campo de control 20230906211546.0
008 - DATOS DE LONGITUD FIJA--INFORMACIÓN GENERAL
campo de control de longitud fija 040914q18571890sp |||| | spa d
040 ## - FUENTE DE CATALOGACIÓN
Centro catalogador/agencia de origen CAM
Lengua de catalogación spa
Centro/agencia transcriptor CAM
245 00 - MENCIÓN DEL TÍTULO
Título Memoria sobre el camino de fierro del Norte de España y el proyectado por los Alduides.
260 ## - PUBLICACIÓN, DISTRIBUCIÓN, ETC.
Lugar de publicación, distribución, etc. San Sebastian :
Nombre del editor, distribuidor, etc. [s.n.,
Fecha de publicación, distribución, etc. s.a.] (
Fabricante Imprenta de Ingacio [i.e. Ignacio] Ramon Baroja)
300 ## - DESCRIPCIÓN FÍSICA
Extensión 89 p., [1] h. pleg. ;
Dimensiones 21 cm.
596 ## - NOTA AL PIE DE IMPRENTA
NOTA AL PIE DE IMPRENTA Probablemente impreso entre 1857 (fecha que consta en pag. 35) y finales del siglo XIX.
650 14 - PUNTO DE ACCESO ADICIONAL DE MATERIA--TÉRMINO DE MATERIA
Término de materia o nombre geográfico como elemento de entrada Ferrocarriles-
Subdivisión geográfica Aldudes (Valle)
9 (RLIN) 170600
852 ## - LOCALIZACIÓN
Ubicación ES-MaACL
Número de control de estantería T-1-F-9
Nota libre -- Enc. hol.
condición física -- Falto de la cub. original
Nota libre -- Enc. en un vol. facticio
Holdings
Estatus retirado Estado de pérdida Estado de daño No para préstamo Colección Biblioteca de origen Biblioteca actual Ubicación en estantería Fecha de adquisición Total de préstamos Signatura topográfica completa Código de barras Visto por última vez Precio de reemplazo Tipo de ítem Koha
        Colección de folletos Biblioteca del Ateneo de Madrid Biblioteca del Ateneo de Madrid Depósito folletos 17/01/2008   T-1-F-9 1166825 23/02/2023 23/02/2023 Folleto